Un nuevo documento de la Pontificia Comisión Bíblica sobre La interpretación de la Biblia en la Iglesia (Record no. 634587)

000 -CABECERA
Campo de control de longitud fija 00502nab a2200145Ia 4500
003 - IDENTIFICADOR DEL NÚMERO DE CONTROL
Campo de control ES-SlBCS
005 - FECHA Y HORA DE LA ÚLTIMA TRANSACCIÓN
Campo de control 20210601135821.0
008 - CÓDIGOS DE INFORMACIÓN DE LONGITUD FIJA
Campo de control de longitud fija 140529s1994 xxu||||| |||| 00| 0 spa d
041 ## - CÓDIGO DE LENGUA
Código de lengua del texto/banda sonora o título independiente spa
100 1# - PUNTO DE ACCESO PRINCIPAL-NOMBRE DE PERSONA
Nombre de persona Beuken, Wim
9 (RLIN) 235251
245 00 - MENCIÓN DE TÍTULO
Título Un nuevo documento de la Pontificia Comisión Bíblica sobre La interpretación de la Biblia en la Iglesia
Mención de responsabilidad, etc. Wim Beuken
630 04 - PUNTO DE ACCESO ADICIONAL DE MATERIA-TÍTULO UNIFORME
Título uniforme Biblia-Interpretación Actual
9 (RLIN) 237069
773 0# - ENLACE AL DOCUMENTO FUENTE
Título Concilium
Parte(s) relacionada(s) vol. 30/I, nº. 253, 1994, págs. 577-572
Número de control del registro relacionado Rev134
942 ## - ENTRADA DE ELEMENTOS AGREGADOS (KOHA)
Koha [por defecto] tipo de item Artículos de revista
Holdings
Suprimido Perdido Estropeado No para préstamo Localización permanente Localización actual Localización en estantería Fecha adquisición Préstamos totales Fecha última consulta Fecha del precio de reemplazo Tipo de item de Koha
        San Esteban San Esteban Depósito de revistas 11/07/2014   11/07/2014 11/07/2014 Artículos de revista

Bibliotecas Dominicos Provincia Hispania, 2016

Con tecnología Koha